000 01049cam a2200205 4500
001 X115072
008 011011n2001 000 0 eng u
035 _a(Sirsi) u115072
245 _aUnited Kingdom Renderers Association Ltd and another v SoS Environment, Transport and the Regions
260 _c2001
490 _aEstates Gazette
_v[2001] 36 EG 180 (CS) (8/9/01)
520 _aQBD 31 July 2001. Claimants representing operators of animal-rendering plants - rendering plants requiring authorisation of local authority - conditions imposed upon authorisation - SoS issuing guidance note on imposition of odour-boundary conditions - whether guidance incompatible with BATNEEC test - Environmental Protection Act 1990 s7(2)(a) -claim dismissed.
650 _aENVIRONMENTAL PROTECTION ACT 1990
650 _aUNITED KINGDOM RENDERERS ASSOCIATION LTD AND ANOTHER V SOS ENVIRONMENT, TRANSPORT AND THE REGIONS
650 _aAIR POLLUTION
650 _aEnvironment
_96238
650 _aRENDERING
690 _aENVIRONMENT-CASE LAW
942 _n0
999 _c68547
_d68547